Statistics for SD Huesca Squad 2018-2019

Click here to take the quiz!

General Stats

  • This quiz has been taken 5 times
  • The average score is 20 of 33

Answer Stats

#PositionNationPlayer% Correct
11FWSpainÁlex Gallar
100%
15DFEquatorial GuineaCarlos Akapo
100%
19FWArgentinaChimy Ávila
100%
9FWColombiaCucho Hernández
100%
12DFSpainJavi Galán
100%
16DFPortugalLuisinho
100%
4DFPortugalRúben Semedo
100%
21MFVenezuelaYangel Herrera
100%
25GKSerbiaAleksandar Jovanović
67%
1GKArgentinaAxel Werner
67%
23MFArgentinaDamián Musto
67%
7FWSpainDavid Ferreiro
67%
14DFSpainJorge Pulido
67%
20MFVenezuelaJuanpi Añor
67%
-CoachArgentinaLeo Franco
67%
18DFSpainPablo Insua
67%
12FWItalySamuele Longo
67%
21FWTurkeySerdar Gürler
67%
4DFSpainAdrián Diéguez
33%
17MFSpainChristian Rivera
33%
22FWSpainEnric Gallego
33%
-CoachSpainFrancisco Rodríguez
33%
8MFSpainGonzalo Melero
33%
1GKSpainJavi Varas
33%
24DFSpainJorge Miramón
33%
5MFSpainJuan Aguilera
33%
10MFSpainJuanjo Camacho
33%
22MFSpainLluís Sastre
33%
2DFArgentinaMartín Mantovani
33%
6FWSpainMoi Gómez
33%
20DFSerbiaRajko Brežančić
33%
13GKSpainRoberto Santamaría
33%
3DFSpainXabi Etxeita
33%

Score Distribution

Percentile by Number Answered

Percent of People with Each Score

Your Score History

You have not taken this quiz